000 01599cam a22002174a 4500
005 20250605164208.0
008 250528s ||||||||||||||||||||||||d
035 _a20125
020 _a736042105
040 _aGR-AtMCL
_bgre
_dGR-AtMCL
_eAACR2
245 1 _aHealth Fitness Instructor's Handbook / Fourth Edition
250 _a4th
260 _bHuman Kinetics,
_c2003
300 _a576
520 _aThis book refers to health and Fitness Professionals for the latest advances in physical fitness. Activity and Fitness and Health, Physical Activity and Health, Physical Fitness and Performance, Health Appraisal, Evaluation of Fitness, Energy Costs of Physical Activity, Cardiorespiratory Fitness, Body Composition, Nutrition, Assessment of Muscular Fitness, Flexibility and Low Back Function, Exercise Prescription for Health and Fitness, Exercise Prescription for Cardiorespiratory Fitness, Exercise Prescription for Weight Management, Exercise Prescription for Muscular Strength and Endurance Training, Exercise Prescription for Flexibility and Low Back Function, Exercise Leadership for Health and Fitness, Special Populations, Exercise and Children and Youth, Exercise and Older Adults, Exercise and Obesity, Exercise and Diabetes, Exercise and Asthma and Pulmonary Disease, Exercise and Women's Health, Exercise Programming, Behavior Modification, Exercise and Stress, Injury Prevention and Treatment, Scientific Foundations, Exercise Physiology, Index.
700 1 _aFranks B. Don
_96177
700 1 _aHowley Edward T
_96178
942 _cBK
999 _c5264
_d5264